00401nam a2200145Ia 4500003000400000008004100004040001600045082001700061100001900078245008100097260003800178300001000216650001500226650001400241GCL140319s9999 xx 000 0 eng d aGCL / cGCL04a320.092bB M1 aBROWN, ALAN W.10aMODERN POLITICAL PHILOSOPHY: THEORIES OF THE JUST SOCIETY / cBROWN, ALAN W. a[S.N] : bPENGUIM PRESS ، c1990 a215 P04aPHILOSOPHY04aUTILITIES